East wind over Prague : [Czechoslovakia to-day] /

Hlavní autor: Stránský, Jan, 1913-1998
Jazyk: Angličtina
Vydáno: London : Hollis & Carter, 1950
Vydání: lst publ.
Témata:
Fyzický popis: vii, 244 s. ; 21 cm
Knihy
Uloženo v:
LEADER 00912nam a2200277 a 4500
001 000570181
003 CZ BrMZK
005 20051007100936.0
007 ta
008 010907s1950 xxk eng d
040 |a BOA001  |b cze 
043 |a e-xr--- 
080 |a 327  |2 MRF 
080 |a 94(437)  |2 MRF 
080 |a 323  |2 MRF 
100 1 |a Stránský, Jan,  |d 1913-1998  |7 jn20000402304  |4 aut 
245 1 0 |a East wind over Prague :  |b [Czechoslovakia to-day] /  |c Jan Stransky 
250 |a lst publ. 
260 |a London :  |b Hollis & Carter,  |c 1950 
300 |a vii, 244 s. ;  |c 21 cm 
500 |a Překlad z češtiny 
541 |a Australie, French Forest, St. Berton - RNDr. E. Slánský 
651 7 |a Československo  |7 ge131689  |x politický vývoj  |y 1945-1948  |2 czenas 
910 |a BOA001  |b 2-1089.734 
990 |a BK 
996 7 |b 2610141739  |c 2-1089.734  |l MZK  |r Sklad / do 1 hodiny  |n 2  |p dar  |w 000570181  |u 000010  |a 1  |e BOA001  |j MZK50  |s A